The boat building book /

Bibliographic Details
Main Author: O'Connell, Geoffrey
Format: Book
Language:English
Published: Southampton : Ashford Press, 1988.
Subjects:

MARC

Tag First Indicator Second Indicator Subfields
LEADER 00000cam a2200000 a 4500
001 in00000024973
005 20151007055656.0
008 880512s1988 enka 00110 eng d
010 |a gb 87044475  
015 |a GB87-44475 
020 |a 1852530138 :  |c £15.95 
035 |a (OCoLC)16806018 
035 |9 AAB8948AM 
040 |a UKM  |c UKM  |d TXA  |d UtOrBLW 
049 |a TXAM  |c [A11667943] 
050 1 0 |a VM321 
050 4 |a VM321  |b .O36 1988 
082 0 |a 623.8/202  |2 19 
100 1 |a O'Connell, Geoffrey. 
245 1 4 |a The boat building book /  |c by Geoffrey O'Connell. 
264 1 |a Southampton :  |b Ashford Press,  |c 1988. 
300 |a 186 pages :  |b illustrations ;  |c 27 cm. 
336 |a text  |b txt  |2 rdacontent 
337 |a unmediated  |b n  |2 rdamedia 
338 |a volume  |b nc  |2 rdacarrier 
500 |a Includes index. 
650 0 |a Boatbuilding. 
653 |a Small boats  |a Construction - Amateurs' manuals 
999 |a MARS 
999 f f |s bcc4ff41-b195-3037-a374-3bbd712ceccf  |i a5663fd6-7e16-3cbb-beb7-47590bb3a347  |t 0 
952 f f |p ric  |a Texas A&M University  |b Rellis Campus  |c Joint Library Facility  |s JLF  |d Remote Storage  |t 0  |e VM321 .O36 1988  |h Library of Congress classification  |i unmediated -- volume  |m A14811667943 
998 f f |a VM321 .O36 1988  |t 0  |l Remote Storage